1820 Geografías (Record no. 1489)
[ view plain ]
| 000 -LEADER | |
|---|---|
| campo de control de longitud fija | 00408nam a2200133 4500 |
| 008 - DATOS DE LONGITUD FIJA--INFORMACIÓN GENERAL | |
| campo de control de longitud fija | 779.092 G633 |
| 020 ## - NÚMERO INTERNACIONAL ESTÁNDAR DEL LIBRO | |
| Número Internacional Estándar del Libro | 9789584815736 |
| 082 ## - NÚMERO DE LA CLASIFICACIÓN DECIMAL DEWEY | |
| Número de clasificación | 779.092 |
| Número de ítem | G633 |
| 100 ## - ENTRADA PRINCIPAL--NOMBRE DE PERSONA | |
| Nombre de persona | Gomez, Sergio |
| 9 (RLIN) | 6383 |
| 245 ## - MENCIÓN DEL TÍTULO | |
| Título | 1820 Geografías |
| 260 ## - PUBLICACIÓN, DISTRIBUCIÓN, ETC. | |
| Lugar de publicación, distribución, etc. | Colombia |
| Nombre del editor, distribuidor, etc. | Museo Casa de la Memoria |
| Fecha de publicación, distribución, etc. | 2017 |
| 300 ## - DESCRIPCIÓN FÍSICA | |
| Extensión | 64 p. |
| Otras características físicas | ill (col) |
| Dimensiones | 25.5 x 19 cm |
| 650 ## - PUNTO DE ACCESO ADICIONAL DE MATERIA--TÉRMINO DE MATERIA | |
| Subdivisión general | arte contemporáneo |
| -- | arte - fotografía |
| -- | forografías |
| -- | arte - exhibiciones |
| 9 (RLIN) | 6384 |
| Estatus retirado | Estado de pérdida | Fuente del sistema de clasificación o colocación | Estado de daño | No para préstamo | Biblioteca de origen | Biblioteca actual | Ubicación en estantería | Fecha de adquisición | Total de préstamos | Signatura topográfica completa | Código de barras | Visto por última vez | Precio de reemplazo | Tipo de ítem Koha |
|---|---|---|---|---|---|---|---|---|---|---|---|---|---|---|
| Clasificación Decimal Dewey | Biblioteca LadoV | Biblioteca LadoV | 07/06/2018 | 779.092 G633 | 004502 | 07/06/2018 | 07/06/2018 | Material 01 |
